LIBRARY ONLINE CATALOGUE

The reflective practitioner : (Record no. 19779)

MARC details
000 -LEADER
fixed length control field 00861pam a2200265 a 4500
001 - CONTROL NUMBER
control field 917782
003 - CONTROL NUMBER IDENTIFIER
control field OSt
005 - DATE AND TIME OF LATEST TRANSACTION
control field 20221107111503.0
008 - FIXED-LENGTH DATA ELEMENTS--GENERAL INFORMATION
fixed length control field 820802s1983 nyu b 001 0 eng
010 ## - LIBRARY OF CONGRESS CONTROL NUMBER
LC control number 82070855
020 ## - INTERNATIONAL STANDARD BOOK NUMBER
International Standard Book Number 1857423198
040 ## - CATALOGING SOURCE
Original cataloging agency DLC
Transcribing agency DLC
Modifying agency DLC
050 00 - LIBRARY OF CONGRESS CALL NUMBER
Classification number HD8038
Item number S35 1991 c.1
100 1# - MAIN ENTRY--PERSONAL NAME
Personal name Schön, Donald A.
245 14 - TITLE STATEMENT
Title The reflective practitioner :
Remainder of title how professionals think in action /
Statement of responsibility, etc. Donald A. Schön.
260 ## - PUBLICATION, DISTRIBUTION, ETC. (IMPRINT)
Place of publication, distribution, etc. New York :
Name of publisher, distributor, etc. Basic Books,
Date of publication, distribution, etc. 1991
300 ## - PHYSICAL DESCRIPTION
Extent x, 374 p. ;
504 ## - BIBLIOGRAPHY, ETC. NOTE
Bibliography, etc Includes bibliographical references and index.
650 #0 - SUBJECT ADDED ENTRY--TOPICAL TERM
Topical term or geographic name as entry element Professions.
650 #0 - SUBJECT ADDED ENTRY--TOPICAL TERM
Topical term or geographic name as entry element Thought and thinking.
650 #0 - SUBJECT ADDED ENTRY--TOPICAL TERM
Topical term or geographic name as entry element Self-knowledge, Theory of.
856 42 - ELECTRONIC LOCATION AND ACCESS
Materials specified Publisher description
Uniform Resource Identifier <a href="http://www.loc.gov/catdir/enhancements/fy0832/82070855-d.html">http://www.loc.gov/catdir/enhancements/fy0832/82070855-d.html</a>
906 ## - LOCAL DATA ELEMENT F, LDF (RLIN)
a 7
b cbc
c orignew
d 1
e opcn
f 19
g y-gencatlg
942 ## - ADDED ENTRY ELEMENTS (KOHA)
Source of classification or shelving scheme Library of Congress Classification
Koha item type General Collection
Holdings
Withdrawn status Lost status Source of classification or shelving scheme Not for loan Home library Current library Date acquired Cost, normal purchase price Total Checkouts Full call number Barcode Date last seen Price effective from Koha item type
    Library of Congress Classification   Kabarak, Main Campus Kabarak, Main Campus 07/11/2022 4174.00   HD8038 S35 1991 c.1 032492 02/08/2024 07/11/2022 General Collection
    Library of Congress Classification   Kabarak, Main Campus Kabarak, Main Campus 07/11/2022 4174.00   HD8038 S35 1991 c.2 032573 02/08/2024 07/11/2022 General Collection